Kesako ?! - Les phobies #1 - Statistiques

Statistiques générales
  • Ce quiz a été pris 45 fois
  • Le résultat moyen est 7 sur 20
Statistiques - réponses
Hint Réponse % Correct
Peur des acariens Acarophobie
97%
Peur du nombre "666" Hexakosioihexekontahexaphobie
76%
Peur de la foule Agoraphobie
71%
Peur des langues étrangères Xénoglossophobie
68%
Peur de l'inédit Néophobie
58%
Peur des requins Squalophobie
58%
Peur de Noël Natalophobie
53%
Peur des chauves Alopophobie
42%
Peur de tout Pantophobie
29%
Peur de la douleur Algophobie
24%
Peur d'être touché Haptophobie
24%
Peur d'être sans son portable Nomophobie
21%
Peur des poissons Ichthyophobie
18%
Peur des factures Votaphobie
13%
Peur des aiguilles Bélénophobie
11%
Peur de la foudre Kéraunophobie
11%
Peur de marcher Basophobie
8%
Peur des ponts Géphyrophobie
8%
Peur de l'orage Lilapsophobie
3%
Peur d'accoucher Tocophobie
3%
Aucun quiz correspondant
Distribution des résultats
% des personnes avec chaque résultat
Percentile par nombre de réponses
Votre historique - résultats
Vous n’avez pas pris ce quiz